000 00330nam a2200109Ia 4500
008 190216s9999||||xx |||||||||||||| ||und||
100 _a"Seshavatharam , Rajan Chacko, Paul Cornelius&Amp; Ramavatharam"
245 0 _aCompany Law And Secretarial Practice
260 _bAbdulla (author) Publisher
_c1982
300 _a202p
942 _cBK
999 _c4963
_d4963